000 00271nam a2200109Ia 4500
008 190216s9999||||xx |||||||||||||| ||und||
100 _aKing Books Author
245 0 _aCds Combines Defence Services
260 _bKing`S Books Delhi
_c1998
300 _a1029p
942 _cREF
999 _c36476
_d36476